Comentr̀ios a acr̤dôs do CARF

Detalles Bibliográficos
Autor principal: Pontieri, Alexandre
Autores Corporativos: Conselho Administrativo de Recursos Fiscais (Brasil), CARF (Brasil)
Formato: eBook
Lenguaje:portugués
Publicado: Barcelona: Editorial vLex, 2012 -
Materias:
Acceso en línea:Acceso restringido

MARC

LEADER 00000nam a22000007a 4500
005 20130617184927.0
007 cr|||| ||||
008 130617c20129999br x|d sv||| 0|||b0por d
035 |a 11085 
040 |a vLex 
090 |c 4373  |d 4373 
100 1 |a Pontieri, Alexandre 
245 1 0 |a Comentr̀ios a acr̤dôs do CARF  |h [Recurso electrn̤ico] /   |c Alexandre Pontieri 
256 |a Servicio en ln̕ea 
260 |a Barcelona:  |b Editorial vLex,  |c 2012 -  
300 |a 1 recurso electrn̤ico 
310 |a Irregular 
506 1 |a Contenido solo disponible en los productos indicados  |d vLex Global  |d vLex Global (Academic Edition, excluding Law Schools)  |d vLex Global (U.S. Academic Edition, Law Schools)  |d vLex Global (U.S. Academic Edition, excluding Law Schools)  |d vLex Global (Academic Edition, Law Schools) 
650 0 4 |a Jurisprudencia  |e Repertorios  |z Brasil 
710 2 |a Conselho Administrativo de Recursos Fiscais (Brasil) 
710 2 |a CARF (Brasil) 
740 0 |a vLex Libros (Servicio en ln̕ea) 
856 4 0 |u http://vlex.com/source/11085  |z Acceso restringido 
942 |c BOOK